El silencio de los corderos /

Guardado en:
Autor Principal: Harris, Thomas.
Formato: Libro
Publicado: Barcelona : RBA, 1993.
Series:Narrativa Actual; 1
Materias:
Etiquetas: Agregar Etiqueta
Sin Etiquetas, Sea el primero en etiquetar este registro!
LEADER 00814nam a22002775a 4500
001 CEM.cems019068
008 220530s1993##################000#0#####d
005 20220530194316.0
003 CEMS
245 1 0 |a El silencio de los corderos /  |c Thomas Harris. 
260 |a Barcelona :  |b RBA,  |c 1993. 
300 |a 399 p. 
490 0 |a Narrativa Actual; 1 
500 |a Título original: The Silence of the Lambs. 
500 |a Traducido por Montserrat Conill. 
020 |a 8447301389 
100 1 |a Harris, Thomas. 
082 0 4 |a 813.5 
653 |a Literatura 
653 |a Literatura estadounidense 
653 |a Novela 
653 |a Suspenso 
653 |a Novela estadounidense xx 
653 |a Novela de suspenso 
653 |a Narrativa estadounidense 
859 |a CEMS  |b BIB. CEMS - 11 de abril  |h 813.5  |i H242  |p 29310.22  |t Ej. 1